| 000 | 00409nam a2200145Ia 4500 | ||
|---|---|---|---|
| 008 | 211118s9999||||xx |||||||||||||| ||und|| | ||
| 082 |
_a894.8123 _bSAT-P |
||
| 100 | _aSathrugnan, | ||
| 245 | 0 | _aPuzhayude Perormayilla | |
| 260 |
_bOlive Publications _aCalicut _c2000 |
||
| 300 | _a90p | ||
| 630 | _xMalayalam NovelGeneral Stack | ||
| 650 |
_aMalayalam Literature _vMalayalam FictionGeneralia |
||
| 942 | _cBOOK | ||
| 999 |
_c97347 _d97347 |
||